000 00748nam a2200253Ia 4500
003 OSt
005 20220923225507.0
006 a|||||r|||| 00| 0
007 ta
008 220922b |||||||| |||| 00| 0 hin d
024 _a269,402
037 _cTextual
040 _aARTS
_cARTS
_bhin
041 _2hin
_ahin
082 _aQ3xNVIx, N7
100 _aजयन्तसेन सूरि, मधुकर
245 0 _aराजेन्द्र कोश में 'अ'
246 _aRājendra kosh mean 'a'
260 _c1997
300 _a208पृ.
_ccm.
650 _aजैन धर्म
942 _hQ3xNVIx, N7
_cTEXL
_2CC
999 _c378593
_d378593